Normal view
MARC view
- Exposiciones educativas ambulantes
Entry Materia
001 - NÚMERO DE CONTROL DEL REGISTRO
- campo de control: 19311
003 - IDENTIFICADOR DE NUMERO DE CONTROL
- campo de control: MX-MxUPN
005 - FECHA Y HORA DE LA ÚLTIMA TRANSACCIÓN
- campo de control: 20240213111252.0
008 - DATOS DE LONGITUD FIJA
- campo de control de longitud fija: 240213nn annnnbabn b ana |d
035 ## - NÚMERO DE CONTROL DEL SISTEMA
- Número de control del sistema: UPN10000019320
040 ## - FUENTE DE LA CATALOGACIÓN
- Lengua de catalogación: SPA
- Agencia de transcripción: UPN
- Centro catalogador de origen: MX-MxUPN
150 ## - ENCABEZAMIENTO - TEMÁTICO
- Término de materia o nombre geográfico como elemento inicial: Exposiciones educativas ambulantes
670 ## - FUENTE EN LA QUE SE LOCALIZARON DATOS
- Cita de la fuente: Rovira, C. y Aguayo, J. Lista de encabezamientos de materia para bibliotecas, 1967 :
- Información localizada: página 344 (Exposiciones educativas ambulantes)
902 ## - CATALOGADOR
- Catalogador: MMA/130297
- Catalogador: VíctorGodínez/130224
